banner-ar

ايها المتانق ماذا حل ببلادى؟ / (Record no. 8012)

MARC details
000 -الفاتح
حقل البيانات ثابتة الطول 00964nam a2200241Ia 4500
008 - عناصر البيانات ثابتة الطول - معلومات عامة
حقل البيانات ثابتة الطول 140319s9999 xx 000 0 ara d
020 ## - الرقم الدولى المعيارى للكتب
الرقم الدولى المعيارى للكتاب 5878299953
040 ## - مصدر الفهرسة
وكالة الفهرسة الأصلية GCL /
وكالة النسخ GCL
082 04 - رقم تصنيف ديوى العشرى
رقم التصنيف 320.973
رقم المادة م ا
100 1# - المدخل الرئيسى - إسم شخصى
الإسم الشخصى موور،مايكل
245 10 - بيان العنوان
العنوان ايها المتانق ماذا حل ببلادى؟ /
بيان المسئوليه,etc موور،مايكل
700 1# - المدخل الاضافى - اسم شخصى
الإسم الشخصى حسان البستانى
250 ## - بيان الطبعة
بيان الطبعة الاولى
260 ## - PUBLICATION, DISTRIBUTION, ETC. (IMPRINT)
تاريخ النشر أو التوزيع 2005
300 ## - الوصف المادى
التعداد 277 ص ؛
أبعاد الوعاء 24 سم
650 04 - المدخل الاضافى بالموضوع-مصطلح موضوعى
مصطلح موضوعي القوى العظمى
650 04 - المدخل الاضافى بالموضوع-مصطلح موضوعى
مصطلح موضوعي الولايات المتحدة الامريكية - الاحوال السياسية
650 04 - المدخل الاضافى بالموضوع-مصطلح موضوعى
مصطلح موضوعي احداث 11 سبتمبر
650 04 - المدخل الاضافى بالموضوع-مصطلح موضوعى
مصطلح موضوعي الولايات المتحدة الامريكية - البيت الابيض
650 04 - المدخل الاضافى بالموضوع-مصطلح موضوعى
مصطلح موضوعي الولايات المتحدة الامريكية - تاريخ - العصر الحديث - جورج بوش (الابن)
942 ## - عناصر المدخل الإضافي( كوها)
مصدر التصنيف او مخطط الترفيف Dewey Decimal Classification
Koha [default] item type كتاب
260 ## - PUBLICATION, DISTRIBUTION, ETC. (IMPRINT)
-- بيروت :
-- الدار العربية للعلوم ،
Holdings
حالة التراجع حالة الفقد حالة تلف ليس للاعارة المكان المؤقت الموقع الحالى تاريخ الاكتساب اجمالي اﻻعارات رقم الطلب الباركود تاريخ اخر مشاهدة تاريخ تفعيل السعر نوع وعاء كوها
        مكتبة القاهرة الكبرى مكتبة القاهرة الكبرى 03/26/2014   320.973\م ا 16579 03/26/2014 03/26/2014 كتاب
        مكتبة القاهرة الكبرى مكتبة القاهرة الكبرى 03/26/2014   320.973\م ا 16580 03/26/2014 03/26/2014 كتاب
        مكتبة القاهرة الكبرى مكتبة القاهرة الكبرى 03/26/2014   320.973\م ا 16581 03/26/2014 03/26/2014 كتاب

Powered By

EGPV